000 00882nam0a22002531 4500
001 rc\2569149
005 20250623111714.0
035 _a(NLR Aleph) 006733939
090 _a5573522
_c5573522
100 _a20110914d1927 |||y0rusy50 ca
101 0 _arus
102 _aRU
105 _aa z |||a|
200 1 _aЛедниковый человек
_e[Повесть для юношества]
_fРис. Ф. Фогта
210 _aМосква
_aЛенинград
_cРадуга
_d[1927]
_e[Ленинград]
_gтипо-лит. "Вестник Ленингр. совета"
215 _a69, [1] с.
_cил.
_d23х15 см.
700 1 _aФарфоровский
_bС.В.
_f1878-
_gСергей Васильевич
702 1 _aФогт
_bФ.
_4440
801 0 _aRU
_bNLR
_gpsbo
801 1 _aRU
_bELAR
_2rusmarc
852 _aNLR
_j40/1401
942 _cBOOK
980 _aNB